Quiz o Radzyminie - Statystyki

Ogólne statystyki
  • Ten quiz został rozwiązany 8 razy
  • Średni wynik to 10 z 14
Statystyki odpowiedzi
Wskazówka Odpowiedź % Poprawnych
W jakiej aglomeracji leży Radzymin? aglomeracja {warszawska}
100%
Województwo, w którym leży Radzymin mazowieckie
100%
Klub piłkarski tego miasta {Mazur} Radzymin
100%
Powiat, w którym leży Radzymin wołomiński
100%
Tablica rejestracyjna Radzymina WWL
100%
Jaka bitwa toczyła się również w Radzyminie od 13 do 18 sierpnia 1920? Bitwa Warszawska
86%
Kod pocztowy Radzymina 05-250
71%
Burmistrz Radzymina Krzysztof Chaciński
71%
Który książę nadał Radzyminowi przywilej lokacyjny? Bolesław IV warszawski
57%
Rok, w którym Radzymin otrzymał prawa miejskie 1475
43%
Strefa numeracyjna Radzymina +48 {22}
43%
Na jakiej historycznej ziemi leży Radzymin? Mazowsze
43%
Województwo, w którym leżał Radzymin w latach 1975-1998 warszawskie
43%
Populacja Radzymina (w przybliżeniu) 13,400
14%
Nie znaleziono quizów pasujących do podanych kryteriów
Rozkład punktacji
Procent ludzi z każdym wynikiem
Percentyl według liczby udzielonych odpowiedzi
Twoja historia wyników
Nie rozwiązałeś tego quizu